000 00807nam a22002057a 4500
999 _c8062
_d8062
003 AR-CdUCM
008 190322b ||||| |||| 00| 0 spa d
020 _a9972-1-0173-8
040 _aMUNICIPALIDAD PROVINCIAL DEL CUSCO
_cBIBLIOTECA MUNICIPAL DEL CUSCO
082 _a371 /
_bT78
100 _aTrahtemberg Siederer, León
_922777
245 _aMitos y realidades de la educación para el tercer milenio /
260 _aLima :
_bBruño,
_c1968.
300 _a239 páginas ;
_c20 cm.
505 _aContenido : Visión de la educación y aportes de la investigación -- Medición de la calidad de la educción - Temas de investigación pedagógica - Educación y valores -- Artes, deportes y valores ...
650 _aEducacíon
_9460
650 _aPedagogía
_91560
942 _2ddc
_cLIBROS
945 _azta